|
|
|
|
| LEADER |
00000nam a2200000 4500 |
| 001 |
vtls012145236 |
| 003 |
SK-MaSNL |
| 005 |
20260301192036.0 |
| 008 |
251112s1481 it 000 0 lat |
| 015 |
|
|
|a SNBHFA
|
| 038 |
|
|
|a SNKHF
|
| 040 |
|
|
|a SNK
|b slo
|c SNK
|e rda
|
| 041 |
0 |
|
|a lat
|
| 044 |
|
|
|a it
|c IT
|
| 072 |
|
7 |
|a 2-1
|x Prirodzená teológia. Náboženská filozofia
|2 konspekt
|
| 080 |
|
|
|a 2-1
|2 2011
|
| 100 |
0 |
|
|a Tomáš Akvinský,
|c svätý,
|d 1225-1274
|4 aut
|9 156171
|
| 240 |
1 |
|
|a Super quarto libro Sententiarum Petri Lombardi
|
| 245 |
0 |
0 |
|a Sancti Thome de Aquino ordinis predicator[um] super quarto libro sententiar[um] preclarum opus seliciter incipit
|
| 264 |
|
1 |
|a Uenetijs
|b impendio Johannis de Colonia: Nicolai Jenson socioru[m]q[ue],
|c Anno salutis d[omi]nice Mcccclxxxj. octauo calendas Julij [24.6.1481]
|
| 264 |
|
3 |
|a Uenetijs
|b [Johann Herbort]
|c Anno salutis d[omi]nice Mcccclxxxj. octauo calendas Julij [24.6.1481]
|
| 300 |
|
|
|a "a2"-"H10", 310 zachovaných fólií
|c 2° (33x22 cm)
|
| 336 |
|
|
|a text
|b txt
|2 rdacontent
|
| 337 |
|
|
|a bez média
|b n
|2 rdamedia
|
| 338 |
|
|
|a zväzok
|b nc
|2 rdacarier
|
| 510 |
4 |
|
|a Kotvan
|c 1124
|
| 510 |
4 |
|
|a Kotvan - Frimmová
|c 466
|
| 510 |
4 |
|
|a ISTC
|c it00171000
|
| 510 |
4 |
|
|a GW
|c M46390
|
| 561 |
|
|
|a Proveniencia: Tlač na fóliu "a2" pečať Dr. E. Kadarász - ver. not. Poz. Margity Zayovej. Čís. 437.
|5 SNK Inc B 163
|
| 561 |
|
|
|a Tlač bola do roku 1975 uložená v Miestnom pracovisku MS v Oponiciach, kde mala číslo 211.
|5 SNK Inc B 163
|
| 562 |
|
|
|a Defekt: chýba prvé fólio.
|5 SNK Inc B 163
|
| 563 |
|
|
|a Väzba: reštaurovaná kožená väzba so zachovanými pôvodným pokryvom na prednej a zadnej doske. Pôvodná väzba neskorogotická zdobená slepotlačou s rámovou kompozíciou a padlým stredovým polom. Zrkadlo vertikálne delené linkami na 4 pásy zdobené florálnym kolkom. Zachované pôvodné štítky spôn.
|5 SNK Inc B 163
|
| 700 |
1 |
|
|a Herbort, Johann,
|d činný 1475-1485
|4 prt
|9 402244
|
| 700 |
1 |
|
|a Kadarász, Ernest
|4 fmo
|9 302455
|
| 700 |
1 |
|
|a Zaiová, Margita,
|d 1868-1937
|4 fmo
|9 186369
|
| 700 |
1 |
|
|a Johann von Köln,
|d činný 1471-1491
|4 pbl
|9 402245
|
| 700 |
1 |
|
|a Jenson, Nicolas,
|d asi 1420-1481
|4 pbl
|9 569454
|
| 752 |
|
|
|a Taliansko
|d Benátky
|
| 852 |
|
|
|a snk
|b Historické fondy
|p Inc B 163
|
| 958 |
|
|
|a ONDV
|
| 999 |
|
|
|c 873045
|d 874975
|
| 952 |
|
|
|t Inc B 163
|a SNK
|b SNK
|c SNK_HF
|y PREZ
|7 0
|p 17A1485456
|o snkInc B 163
|i snk1976/1275
|0 0
|1 0
|4 0
|d 2022-08-02
|f 1
|l 0
|r 2026-02-24 05:48:53
|w 2026-02-24
|